000 00590nam a2200193 a 4500
005 20140412111300.0
008 010416s19uu xx 00 eng d
020 _a0-7214-1843-0
050 _aM 200
_bE44 1996
100 _aElliot, Jason
245 _aReligions of the world /
_cwritten by Jason Elliot and Dene Schofield; illustrated by L R Galante.
260 _aLeicesterhisre, Uk :
_bLadybird Books Ltd,
_c1996.
300 _a38p. ; ill.
440 _aLadybird Discovery
500 _aIncludes index
650 _aReligions
650 _aLifestyles and living
999 _c103352
_d103352